Negativní volební kampaně a jejich efektivita

Stratégia súčasných volebných kampaní je založená čím ďalej, tým viac na negatívnej reklame, ktorej hlavným cieľom je vytvoriť negatívny image politického oponenta. Negatíva, ktoré negatívnu volebnú kampaň sprevádzajú - bumerang efekt, negativizmus, apatia. Efektívnosť negatívnych volebných kampaní.

Saved in:
Bibliographic Details
Main Author: Světlík, Jaroslav
Format: Book Chapter
Language:Czech
Subjects:
Tags: Add Tag
No Tags, Be the first to tag this record!

MARC

LEADER 00000naa$a2200000$$$4500
001 0109040
005 20231114080223.9
041 0 |a cze 
044 |a CZ 
245 1 0 |a Negativní volební kampaně a jejich efektivita  |c Jaroslav Světlík 
520 |a Stratégia súčasných volebných kampaní je založená čím ďalej, tým viac na negatívnej reklame, ktorej hlavným cieľom je vytvoriť negatívny image politického oponenta. Negatíva, ktoré negatívnu volebnú kampaň sprevádzajú - bumerang efekt, negativizmus, apatia. Efektívnosť negatívnych volebných kampaní. 
610 2 0 |a kampane volebné 
610 2 0 |a marketing 
610 2 0 |a politika 
610 2 0 |a reklama 
100 1 |a Světlík, Jaroslav